LIBRARY & INFORMATION CENTRE, KCAET, TAVANUR

ONLINE PUBLIC ACCESS CATALOGUE (OPAC)

Numerical methods in science and engineering / (Record no. 10517)

MARC details
000 -LEADER
fixed length control field 00504cam a2200193ua 4500
041 ## - LANGUAGE CODE
Language code of text/sound track or separate title eng
082 ## - DEWEY DECIMAL CLASSIFICATION NUMBER
Classification number 519.402362
Item number VEN/NU
100 ## - MAIN ENTRY--AUTHOR NAME
Personal name Venkataraman, M.K .
245 ## - TITLE STATEMENT
Title Numerical methods in science and engineering /
250 ## - EDITION STATEMENT
Edition statement 3 /
260 ## - PUBLICATION, DISTRIBUTION, ETC. (IMPRINT)
Place of publication Madras :
Name of publisher National publishing co. ,
Year of publication 1996.
300 ## - PHYSICAL DESCRIPTION
Number of Pages 462 :
Other physical details 506 ; .
500 ## - GENERAL NOTE
General note *CSS
942 ## - ADDED ENTRY ELEMENTS (KOHA)
Koha item type Books
Holdings
Withdrawn status Lost status Damaged status Home library Current library Shelving location Date acquired Full call number Accession Number Koha item type
      KAUAET KAUAET Scheme 25/07/2018 519.402362 VEN/NU 19132 Book Bank scheme for SC students
free website counter